Le chiavi dell'autostima : stare bene con se stessi, stare bene con gli altri /

সংরক্ষণ করুন:
গ্রন্থ-পঞ্জীর বিবরন
প্রধান লেখক: Boldorini, Anna Laura (লেখক), Spagnulo, Pietro (লেখক)
বিন্যাস: গ্রন্থ
ভাষা:ইতালিয়
প্রকাশিত: Salerno : Ecomind, 2009
মালা:Collana psicoeducazionale
ট্যাগগুলো: ট্যাগ যুক্ত করুন
কোনো ট্যাগ নেই, প্রথমজন হিসাবে ট্যাগ করুন!

MARC

LEADER 00000nam a22000007i 4500
001 IT\ICCU\UBO\3646714
003 ItRI
005 20260218101318.0
008 090630s2009 it |||||| ||||| |||||c
020 |a 9788887795394 
040 |b ita  |c importazione bologna sebina 
041 7 |a ita  |2 ISO-639-2 
100 1 |a Boldorini, Anna Laura  |0 IT\ICCU\MODV\262830  |4 aut 
245 1 3 |a Le chiavi dell'autostima :  |b  stare bene con se stessi, stare bene con gli altri /  |c Anna Laura Boldorini, Pietro Spagnulo. 
260 |a Salerno :  |b Ecomind,  |c 2009 
300 |a 127 p. :  |b ill. ;  |c 21 cm 
700 1 |a Spagnulo, Pietro  |0 IT\ICCU\CFIV\185454  |4 aut 
830 0 |a Collana psicoeducazionale  |0 IT\ICCU\LO1\1102266 
942 |2 ddc  |c BK  |n 0 
952 |0 0  |1 0  |4 0  |6 DOC_158_100000000000000_BOL  |7 0  |9 21250  |a BO  |b BO  |d 2026-01-15  |i 16420  |l 0  |o DOC 158.1 BOL  |p BO16420  |r 2026-01-15 23:21:49  |w 2026-01-15  |x [Sebina 5] [1 v.]  |y BK  |z 1 v. (2. copia) 
952 |0 0  |1 0  |4 0  |6 DOC_158_100000000000000_BOL  |7 0  |9 21251  |a BO  |b BO  |d 2026-01-15  |i 16421  |l 0  |o DOC 158.1 BOL  |p BO16421  |r 2026-01-15 23:21:49  |w 2026-01-15  |x [Sebina 5] [1 v.]  |y BK  |z 1 v. 
952 |0 0  |1 0  |4 0  |6 157_000000000000000_BOL_CHI  |7 0  |9 32982  |a VR  |b VR  |d 2026-02-16  |i 56  |l 0  |o 157 BOL CHI  |p OBE-56  |r 2026-02-16 15:28:37  |w 2026-02-16  |y BK 
999 |c 18155  |d 18155